[Event "Capablanca Mem Premier II"]
[Site "Havana CUB"]
[Date "2002.05.08"]
[Round "3"]
[White "Herraiz Hidalgo,H"]
[Black "Zarnicki,P"]
[Result "0-1"]
[WhiteElo "2456"]
[BlackElo "2499"]

1.d4 Nf6 2.c4 e6 3.Nc3 Bb4 4.Qc2 O-O 5.a3 Bxc3+ 6.Qxc3 b6 7.Bg5 h6 8.Bh4 Ba6
9.e3 d6 10.Bd3 Nbd7 11.Ne2 c5 12.b4 cxd4 13.exd4 Rc8 14.Qb3 e5 15.b5 Bb7
16.O-O d5 17.cxd5 exd4 18.Bf5 g5 19.Bg3 Nc5 20.Qc4 Ne6 21.Qa2 Bxd5 22.Qb2 Bxg2
23.Rfd1 Qd5 24.Nxd4 Nxd4 25.Qxd4 Qxf5 26.Kxg2 Rfe8 27.a4 h5 28.Qd3 Ne4 29.Qd7 Qxd7
30.Rxd7 h4 31.Bd6 Rc2 32.Be7 Rxf2+ 33.Kg1 h3  0-1

[Event "ch-URU"]
[Site "Montevideo URU"]
[Date "2002.05.10"]
[Round "5"]
[White "Riverol,J"]
[Black "Roselli Mailhe,B"]
[Result "1/2-1/2"]
[WhiteElo "2278"]
[BlackElo "2419"]

1.d4 Nf6 2.c4 e6 3.Nc3 Bb4 4.Qc2 O-O 5.a3 Bxc3+ 6.Qxc3 b5 7.cxb5 c6 8.e3 cxb5
9.Bxb5 Ne4 10.Qd3 Nd6 11.a4 Qg5 12.Qf1 Nxb5 13.Nf3 Qe7 14.axb5 Qb4+ 15.Nd2 d5
16.Ra3 Nd7 17.Qd3 Nb6 18.Rb3 Qd6 19.O-O Bd7 20.e4 f6 21.Nb1 Be8 22.Bd2 dxe4
23.Qxe4 Bg6 24.Bb4  1/2-1/2

[Event "FSGM May"]
[Site "Budapest HUN"]
[Date "2002.05.13"]
[Round "10"]
[White "Seres,L"]
[Black "Kallio,H"]
[Result "0-1"]
[WhiteElo "2483"]
[BlackElo "2502"]

1.d4 Nf6 2.c4 e6 3.Nc3 Bb4 4.Qc2 O-O 5.a3 Bxc3+ 6.Qxc3 b6 7.Nf3 Bb7 8.b4 d6
9.Bb2 Nbd7 10.e3 Ne4 11.Qb3 f5 12.d5 e5 13.Be2 g5 14.Rd1 g4 15.Nd2 Qh4 16.g3 Qg5
17.h3 Ndf6 18.Qc2 Bc8 19.Nxe4 fxe4 20.h4 Qg7 21.Bf1 a5 22.Bg2 Bd7 23.Rc1 axb4
24.axb4 Ba4 25.Qb1 b5 26.c5 Qf7 27.O-O Qxd5 28.cxd6 cxd6 29.Rc7 Rac8 30.Rfc1 Rxc7
31.Rxc7 Rf7 32.Qc1 Kg7 33.Qc6 Qxc6 34.Rxc6 Rd7 35.Rb6 Kf7 36.Ba3 Ke6 37.Bf1 Ra7
38.Rb8 Bb3 39.Bb2 Ra2 40.Bc3 Rc2  0-1

[Event "Open A"]
[Site "Ostrava CZE"]
[Date "2002.05.20"]
[Round "4"]
[White "Vysoglad,P"]
[Black "Jasny,S"]
[Result "0-1"]
[WhiteElo "2154"]
[BlackElo "2285"]

1.d4 Nf6 2.c4 e6 3.Nc3 Bb4 4.Qc2 O-O 5.Nf3 b6 6.Bg5 Bb7 7.e3 h6 8.Bf4 c5
9.Bd3 cxd4 10.exd4 d5 11.a3 Bxc3+ 12.bxc3 dxc4 13.Bxc4 Nc6 14.O-O Rc8 15.Rfc1 Na5
16.Ba2 Bd5 17.Ne5 Bxa2 18.Rxa2 Nd5 19.Bd2 Nc4 20.Nd3 Qd7 21.Nf4 Nxf4 22.Bxf4 Qd5
23.Qe2 Rc6 24.h4 Rfc8 25.Bd2 Nxd2 26.Qxd2 Qb3 27.Rcc2 Rxc3 28.Rcb2 Rc1+ 29.Kh2 Qd5
30.a4 Qe4 31.Kg3 Rb1 32.f4 Rcc1 33.a5 Qg6+  0-1

[Event "Tanta Open"]
[Site "Tanta City EGY"]
[Date "2002.05.20"]
[Round "7"]
[White "Rahman,Ye"]
[Black "De Vreugt,D"]
[Result "0-1"]
[WhiteElo "2345"]
[BlackElo "2457"]

1.d4 Nf6 2.c4 e6 3.Nc3 Bb4 4.Qc2 O-O 5.Nf3 d6 6.Bd2 b6 7.a3 Bxc3 8.Bxc3 Bb7
9.e3 Ne4 10.Bd3 f5 11.b4 Nxc3 12.Qxc3 Nd7 13.Be2 Qe7 14.O-O Rf6 15.c5 Bd5
16.cxd6 cxd6 17.Qc7 Rf7 18.Rfc1 g5 19.Nd2 Qf8 20.Nc4 Nc5 21.Qxd6 Nb3 22.Bh5 Rg7
23.Bf3 Qxd6 24.Nxd6 Bxf3 25.gxf3 Rd7 26.Nb5 Nxa1 27.Rxa1 Rc8 28.a4 a6 29.Na3 Rdc7
30.Ra2 Rc1+ 31.Kg2 Kf7 32.Rb2 Ra1 33.Rb3 Rcc1 34.e4 Kg6 35.exf5+ exf5 36.f4 g4
37.f3 Ra2+  0-1

[Event "Open A"]
[Site "Ostrava CZE"]
[Date "2002.05.22"]
[Round "6"]
[White "Michenka,J"]
[Black "Lahner,J"]
[Result "1-0"]
[WhiteElo "2325"]
[BlackElo "2235"]

1.d4 Nf6 2.c4 e6 3.Nc3 Bb4 4.Qc2 O-O 5.a3 Bxc3+ 6.Qxc3 b6 7.Nf3 Ne4 8.Qc2 f5
9.g3 Bb7 10.Bg2 Nf6 11.O-O Be4 12.Qc3 d6 13.b4 a6 14.Bb2 Nbd7 15.a4 a5 16.b5 Qe8
17.Ba3 Qh5 18.c5 Nd5 19.Qc4 dxc5 20.dxc5 Rf6 21.c6 Rh6 22.h4 Nf4 23.cxd7 Qg4
24.Rfd1 Nxg2 25.d8=Q+ Rxd8 26.Rxd8+ Kf7 27.Ne5+  1-0

[Event "Spring"]
[Site "Tel Aviv ISR"]
[Date "2002.05.23"]
[Round "5"]
[White "Kaganskiy,G"]
[Black "Lerner,K"]
[Result "1/2-1/2"]
[WhiteElo "2329"]
[BlackElo "2559"]

1.d4 Nf6 2.c4 e6 3.Nc3 Bb4 4.Qc2 O-O 5.a3 Bxc3+ 6.Qxc3 b6 7.Bg5 Bb7 8.e3 d6
9.f3 Nbd7 10.Bd3 c5 11.Ne2 Rc8 12.b4 h6 13.Bh4 d5 14.cxd5 Nxd5 15.Bxd8 Nxc3
16.Bh4 cxd4 17.exd4 Nf6 18.Bxf6 gxf6 19.Nxc3 Rxc3 20.Kd2 Rc7 21.Rac1 Rd7
22.Ke3 Rfd8 23.Rhd1 e5  1/2-1/2

[Event "Open A"]
[Site "Ostrava CZE"]
[Date "2002.05.24"]
[Round "8"]
[White "Pokorny,P"]
[Black "Lahner,J"]
[Result "1-0"]
[WhiteElo "2263"]
[BlackElo "2235"]

1.d4 Nf6 2.c4 e6 3.Nc3 Bb4 4.Qc2 O-O 5.a3 Bxc3+ 6.Qxc3 b6 7.Bg5 Bb7 8.e3 d6
9.f3 c5 10.Bd3 Nbd7 11.Ne2 Rc8 12.O-O Re8 13.b4 a6 14.Qb2 Qc7 15.Rab1 Ba8
16.Rfd1 e5 17.bxc5 bxc5 18.dxe5 dxe5 19.Bf5 Rb8 20.Qd2 Nb6 21.Bxf6 gxf6 22.Qe1 Nxc4
23.Rxb8 Rxb8 24.Rd7 Qa5 25.Qh4 h5 26.Kf2 Nb6 27.Rd6 Nd5 28.Qxh5 Rd8 29.Qh6  1-0

[Event "FSIM June"]
[Site "Budapest HUN"]
[Date "2002.06.04"]
[Round "4"]
[White "Dub,Z"]
[Black "Eperjesi,L"]
[Result "0-1"]
[WhiteElo "2297"]
[BlackElo "2322"]

1.d4 Nf6 2.c4 e6 3.Nc3 Bb4 4.Qc2 O-O 5.e4 Ne8 6.Bd3 c5 7.d5 exd5 8.exd5 h6
9.Ne2 d6 10.O-O Nd7 11.f4 Nef6 12.Ng3 Re8 13.h3 Nf8 14.Bd2 a6 15.Rae1 Bd7
16.Rxe8 Nxe8 17.Kh2 b5 18.b3 bxc4 19.bxc4 Rb8 20.Bc1 Ba5 21.Bb2 Rb4 22.Nce4 Rb7
23.Ba1 f5 24.Nd2 g6 25.Nf3 Nf6 26.Rb1 Rxb1 27.Qxb1 N8h7 28.Qb2 Qb6 29.Qe2 Qb8
30.Qb2 Qb6 31.Qc1 Qb4 32.Ne5 Be8 33.Nxg6 Bxg6 34.Bxf5 Bxf5 35.Nxf5 Qd2 36.Nxh6+ Kf8
37.Qf1 Qe1 38.Qd3 Qe4 39.Qxe4 Nxe4 40.Nf5 Kf7 41.g3 Nhf6 42.Kg2 Nd7 43.g4 Nb6
44.Ne3 Nd2 45.h4 Nbxc4 46.Nf5 Ne4 47.h5 Bc3 48.Bxc3 Nxc3 49.h6 Nxd5 50.Kg3 Nde3
51.Nh4 d5 52.g5 Nd6 53.g6+ Kg8 54.h7+ Kg7 55.Nf3 Ne4+ 56.Kh3 Nf6 57.Ng5 c4
58.Nf7 Nxh7 59.gxh7 Kxh7 60.Kg3 Kg6 61.Ne5+ Kf5 62.Kf3 Nd1 63.a4 Nb2 64.a5 d4
65.Nc6 d3 66.Nd4+ Kf6 67.Ke3 c3 68.Nb3 d2 69.Nxd2 cxd2 70.Kxd2 Nc4+ 71.Kc3 Nxa5
72.Kd4 Kf5 73.Kc5 Nb7+ 74.Kb6 a5  0-1

[Event "FSGM June"]
[Site "Budapest HUN"]
[Date "2002.06.06"]
[Round "6"]
[White "Hoang Thanh Trang"]
[Black "Handke,F"]
[Result "1/2-1/2"]
[WhiteElo "2426"]
[BlackElo "2427"]

1.d4 Nf6 2.c4 e6 3.Nc3 Bb4 4.Qc2 O-O 5.a3 Bxc3+ 6.Qxc3 d5 7.cxd5 Qxd5 8.Nf3 Bd7
9.Bf4 Ne4 10.Qc2 Bb5 11.Rc1 Nc6 12.e3 Bxf1 13.Kxf1 Rac8 14.Qc4 Qf5 15.Ke2 Na5
16.Qd3 c5 17.dxc5 Rfd8 18.Qb5 Nxc5 19.g4 Qe4 20.Rhd1 Rxd1 21.Rxd1 Nab3 22.Nd4 a6
23.Qb6 Nd3 24.Qxb3 Nxf4+ 25.Kd2 b5 26.f3 Qe5 27.h4 h5 28.gxh5 Nxh5 29.Nc2 Ng3
30.Kc1 Nf5 31.Kb1 Nxh4 32.f4 Qe4 33.Qd3 Qxd3 34.Rxd3 Nf5 35.Rd7 Rc6 36.Nb4 Rb6
37.e4 Ng3 38.e5 Ne2 39.Rd6 Rxd6 40.exd6 Kf8 41.Nxa6 Nxf4 42.Nc7 g5 43.Kc2 g4
44.Nxb5 g3 45.Nd4 Ke8 46.Nf3 Kd7 47.Kd2 g2 48.Ng1 Kxd6 49.a4 e5 50.Ke3 f5
51.Kf3 Kc5 52.a5 Kb5 53.b4 Nd3 54.Kxg2 Nxb4 55.Nf3 Nd3 56.Nh4 f4 57.Kf3 Kxa5
58.Ke4 Nc5+  1/2-1/2

[Event "6th Open"]
[Site "Voronezh RUS"]
[Date "2002.06.13"]
[Round "2"]
[White "Sergienko,S"]
[Black "Kornilov,P"]
[Result "1-0"]
[WhiteElo "2418"]
[BlackElo "2145"]

1.d4 Nf6 2.c4 e6 3.Nc3 Bb4 4.Qc2 O-O 5.a3 Bxc3+ 6.Qxc3 d6 7.Bg5 Nbd7 8.Nh3 Qe8
9.f3 e5 10.Nf2 h6 11.Bh4 e4 12.e3 b6 13.f4 a5 14.g4 Kh8 15.Bg2 d5 16.g5 hxg5
17.fxg5 Nh5 18.cxd5 f5 19.gxf6 Nhxf6 20.O-O-O Bb7 21.Kb1 Nxd5 22.Qd2 N7f6
23.Rc1 Rf7 24.Bg5 b5 25.Bf1 b4 26.Bc4 Rb8 27.Ka1 c6 28.Rhg1 Bc8 29.Bxf6 Rxf6
30.Ng4 Bxg4 31.Rxg4 bxa3 32.b3 a4 33.b4 Qf8 34.Rxe4 Rf2 35.Rh4+ Kg8 36.Qd3 Qxb4
37.Bxd5+ cxd5 38.Qh7+ Kf8 39.Qh8+ Kf7 40.Rc7+ Ke6 41.Rh6+ Rf6 42.Rxf6+ gxf6
43.Qh3+  1-0

[Event "23rd Open"]
[Site "Bled SLO"]
[Date "2002.07.03"]
[Round "2"]
[White "Jelen,Ig"]
[Black "Illijin,N"]
[Result "1-0"]
[WhiteElo "2365"]
[BlackElo "2240"]

1.d4 Nf6 2.c4 e6 3.Nc3 Bb4 4.Qc2 O-O 5.a3 Bxc3+ 6.Qxc3 b6 7.Bg5 Bb7 8.f3 d6
9.Nh3 h6 10.Bh4 Nbd7 11.e3 c5 12.dxc5 bxc5 13.Be2 Qb6 14.O-O Bc6 15.Rfd1 d5
16.Bf2 Rab8 17.Rd2 a5 18.Nf4 a4 19.Rc1 Qb3 20.Nd3 Rfc8 21.Qxb3 Rxb3 22.cxd5 Rxd3
23.Bxd3 exd5 24.Bf5 Re8 25.e4 dxe4 26.fxe4 Ne5 27.Rxc5 Bxe4 28.Rc8 Bxf5 29.Rxe8+ Nxe8
30.Rd8 Be6 31.Rxe8+ Kh7 32.Bd4 Nc6 33.Bc3 g5 34.Kf2 Bb3 35.Ke3 Kg6 36.g4 f5
37.h3 fxg4 38.hxg4 h5 39.Rf8 Ne7 40.Rf6+ Kh7 41.Ra6 Nd5+ 42.Ke4 hxg4 43.Be5 Kg8
44.Kf5 Kf7 45.Kxg4 Ne3+ 46.Kxg5 Nd5 47.Bd4 Bc2 48.Rd6 Bb3 49.Kf5 Ke7 50.Ke5 Nc7
51.Bc5 Ke8 52.Bb6 Nb5 53.Rd2 Ke7 54.Bd8+ Ke8 55.Bf6 Kf7 56.Rd7+ Kf8 57.Rh7 Bf7
58.Rh4 Bb3 59.Rh7 Bf7 60.Bd8 Na7 61.Kf6  1-0

[Event "23rd Open"]
[Site "Bled SLO"]
[Date "2002.07.05"]
[Round "4"]
[White "Jelen,Ig"]
[Black "Sakelsek,T"]
[Result "1-0"]
[WhiteElo "2365"]
[BlackElo "2245"]

1.d4 Nf6 2.c4 e6 3.Nc3 Bb4 4.Qc2 O-O 5.a3 Bxc3+ 6.Qxc3 b6 7.Bg5 d6 8.f3 Nbd7
9.e4 c5 10.Nh3 h6 11.Be3 Qe7 12.Be2 Ba6 13.Rd1 Rac8 14.e5 Ne8 15.f4 f6 16.Bf2 Rc7
17.dxc5 Nxc5 18.Bh4 dxe5 19.fxe5 g5 20.exf6 Nxf6 21.Bg3 Nce4 22.Qc2 Nxg3
23.hxg3 Bb7 24.O-O Kg7 25.Qc3 e5 26.Nf2 Qc5 27.b4 Qe7 28.Rfe1 Qe6 29.Bd3 Re8
30.Rd2 Rce7 31.Rde2 Qd6 32.Bf5 Kf7 33.c5 bxc5 34.bxc5 Qd5 35.Ne4 Rc7 36.Rf2 Rc6
37.Qb4 Rb8 38.Rd2  1-0

[Event "Open"]
[Site "Oberwart AUT"]
[Date "2002.07.05"]
[Round "1"]
[White "Unger,E"]
[Black "Cvitan,O"]
[Result "0-1"]
[WhiteElo "2074"]
[BlackElo "2574"]

1.d4 Nf6 2.c4 e6 3.Nc3 Bb4 4.Qc2 O-O 5.Nf3 c5 6.e3 d5 7.a3 Bxc3+ 8.bxc3 Nbd7
9.cxd5 exd5 10.c4 b6 11.cxd5 Bb7 12.dxc5 Nxc5 13.Bb2 Rc8 14.Qf5 Qxd5 15.Qxd5 Nxd5
16.Be2 Nb3 17.Rd1 Rc2 18.Be5 Rfc8 19.Bd3 Ra2 20.e4 Nc1 21.O-O Nxd3 22.exd5 Rxa3
23.Ra1 Rxa1 24.Rxa1 Bxd5 25.Bd4 Bxf3 26.gxf3 Rc1+  0-1

[Event "FSGM July"]
[Site "Budapest HUN"]
[Date "2002.07.06"]
[Round "1"]
[White "Bui Vinh"]
[Black "Lukacs,P"]
[Result "1/2-1/2"]
[WhiteElo "2444"]
[BlackElo "2444"]

1.d4 Nf6 2.c4 e6 3.Nc3 Bb4 4.Qc2 O-O 5.a3 Bxc3+ 6.Qxc3 d6 7.Nf3 b6 8.e3 Bb7
9.Be2 Nbd7 10.b4 Ne4 11.Qc2 f5 12.Bb2 Ng5 13.h4 Nxf3+ 14.gxf3 Qe7 15.O-O-O a5
16.b5 c6 17.bxc6 Bxc6 18.Kb1 Rfc8 19.Rc1 Nf6  1/2-1/2

[Event "Open"]
[Site "Oberwart AUT"]
[Date "2002.07.06"]
[Round "2"]
[White "Testor,S"]
[Black "Zsinka,L"]
[Result "1/2-1/2"]
[WhiteElo "2164"]
[BlackElo "2359"]

1.d4 Nf6 2.c4 e6 3.Nc3 Bb4 4.Qc2 O-O 5.a3 Bxc3+ 6.Qxc3 b5 7.cxb5 c6 8.Bg5 cxb5
9.e3 Bb7 10.Nf3 a6 11.Be2 Nc6 12.O-O Rc8 13.Qd2 h6 14.Bxf6 Qxf6 15.Rfc1 Qd8
16.a4 b4 17.a5 Qe7 18.d5 exd5 19.Nd4 g6 20.Nb3 Ne5 21.Qd4 Nc4 22.Rc2 Nxa5
23.Rxc8 Nxb3 24.Rxf8+ Qxf8 25.Qb6 Nxa1 26.Qxb7 Qc5 27.Qb8+ Kh7 28.Qe8 Qc1+
29.Bf1 Qxb2 30.Qxf7+ Qg7 31.Qxd5 b3 32.Bxa6 b2 33.Bd3 Qe7 34.Qd4 Qg7 35.Qd5 Qe7
36.Qd4 Qg7  1/2-1/2

[Event "Open"]
[Site "Oberwart AUT"]
[Date "2002.07.11"]
[Round "7"]
[White "Miniboeck,G"]
[Black "Balinov,I"]
[Result "0-1"]
[WhiteElo "2348"]
[BlackElo "2448"]

1.d4 Nf6 2.c4 e6 3.Nc3 Bb4 4.Qc2 O-O 5.a3 Bxc3+ 6.Qxc3 b5 7.cxb5 c6 8.Bg5 cxb5
9.e3 Bb7 10.Nf3 a6 11.Be2 Nc6 12.O-O h6 13.Bxf6 Qxf6 14.Qc5 Qd8 15.Qd6 Qb8
16.Qxb8 Rfxb8 17.Rfc1 f6 18.Nd2 Ne7 19.Nb3 Kf7 20.Nc5 Bc6 21.Bd3 a5 22.Be4 Bxe4
23.Nxe4 Nd5 24.Rc5 Ke7 25.Nc3 Nxc3 26.Rxc3 b4 27.Rb3 Rc8 28.g4 Rab8 29.axb4 axb4
30.Ra4 Rc4 31.Kf1 e5 32.dxe5 fxe5 33.f3 Rb7 34.Ke2 d5 35.Kd3 Kd6 36.e4 Rd4+
37.Ke3 dxe4 38.fxe4 Kc5 39.Rd3 Rxd3+ 40.Kxd3 Rd7+ 41.Kc2 Rf7 42.Ra8 Rf4 43.Rc8+ Kd4
44.Rb8 Kxe4 45.Rxb4+ Kf3 46.Rb3+ Kf2 47.h3 e4 48.Rb4 g5 49.Rb6 e3  0-1

[Event "Jacques Lemans Open"]
[Site "St Veiter AUT"]
[Date "2002.07.11"]
[Round "6"]
[White "Seifert,V"]
[Black "Teske,H"]
[Result "1/2-1/2"]
[WhiteElo "2305"]
[BlackElo "2529"]

1.d4 Nf6 2.c4 e6 3.Nc3 Bb4 4.Qc2 O-O 5.Bg5 c5 6.e3 h6 7.Bh4 b6 8.a3 cxd4
9.axb4 dxc3 10.Qxc3 Bb7 11.Nf3 d5 12.c5 bxc5 13.bxc5 g5 14.Bg3 Ne4 15.Qa3 Nd7
16.Rc1 Rc8 17.b4 a5 18.bxa5 Ndxc5  1/2-1/2

[Event "Open"]
[Site "Oberwart AUT"]
[Date "2002.07.12"]
[Round "8"]
[White "Shariyazdanov,A"]
[Black "Rashkovsky,N"]
[Result "1-0"]
[WhiteElo "2562"]
[BlackElo "2511"]

1.d4 Nf6 2.c4 e6 3.Nc3 Bb4 4.Qc2 O-O 5.e4 d5 6.e5 Ne4 7.a3 Bxc3+ 8.bxc3 c5
9.Bd3 Nc6 10.Ne2 cxd4 11.cxd4 Qa5+ 12.Kf1 Nb4 13.axb4 Qxa1 14.f3 f5 15.Qb1 Qxb1
16.Bxb1 a5 17.b5 a4 18.fxe4 fxe4+ 19.Ke1 a3 20.Ba2 dxc4 21.Nc3 Bd7 22.Ke2 Ra5
23.Bd2 Bxb5 24.Rb1 Bc6 25.Bxc4 Re8 26.Ke3 Ra7 27.Ba2 Kf7 28.Nxe4  1-0

[Event "FSIMB July"]
[Site "Budapest HUN"]
[Date "2002.07.15"]
[Round "10"]
[White "Pedersen,C"]
[Black "Eperjesi,L"]
[Result "1-0"]
[WhiteElo "2258"]
[BlackElo "2289"]

1.d4 Nf6 2.c4 e6 3.Nc3 Bb4 4.Qc2 O-O 5.e4 Ne8 6.a3 Bxc3+ 7.bxc3 d6 8.Bd3 e5
9.Ne2 c5 10.O-O Nc6 11.Be3 b6 12.f4 Ba6 13.fxe5 cxd4 14.cxd4 dxe5 15.d5 Na5
16.c5 Bxd3 17.Qxd3 bxc5 18.Bxc5 Nd6 19.Rab1 Rc8 20.Rfc1 Re8 21.Rb4 f5 22.exf5 e4
23.Qa6 Nxf5 24.Rb5 Qg5 25.Rxa5 Nh4 26.g3 Rxc5 27.Raxc5 Qe3+ 28.Kf1 Rf8+ 29.Nf4 Rxf4+
30.gxf4 Qf3+ 31.Ke1 Qe3+ 32.Kd1 Qg1+ 33.Kc2 Qxc5+ 34.Kb1  1-0

[Event "TCh-POL Jun"]
[Site "Laczna POL"]
[Date "2002.07.15"]
[Round "1"]
[White "Szromba,K"]
[Black "Flasinski,M"]
[Result "1/2-1/2"]
[WhiteElo "2118"]
[BlackElo "2114"]

1.d4 Nf6 2.c4 e6 3.Nc3 Bb4 4.Qc2 O-O 5.a3 Bxc3+ 6.Qxc3 b6 7.Bg5 Ba6 8.Qf3 d5
9.cxd5 exd5 10.Bxf6 Qxf6 11.Qxf6 gxf6 12.Rc1 Rc8 13.g3 c5 14.Bg2 Bb7 15.Nh3 c4
16.Nf4 Rd8 17.Rxc4 Nc6 18.Nxd5 Na5 19.Nxf6+ Kg7 20.Nh5+ Kh6 21.Bxb7 Nxc4
22.Bxa8 Rxa8 23.Nf4 Nxb2 24.Kd2 Nc4+ 25.Kd3 Nxa3 26.Ra1 Nb5 27.Kc4 Nd6+ 28.Kd5 Nb5
29.Kc6 Nxd4+ 30.Kb7 Re8 31.Kxa7 b5 32.e3 Nf3 33.Ra6+ Kg7 34.Nh5+ Kf8 35.Rb6 Re5
36.Rb8+ Ke7 37.Rb7+ Kf8 38.Rb8+ Ke7 39.Nf4 Nxh2 40.Rh8 h5 41.Rh7 Kf6 42.Nd3 Rd5
43.Nf4 Re5 44.Nd3 Rd5  1/2-1/2

[Event "US Junior"]
[Site "Dallas USA"]
[Date "2002.07.19"]
[Round "3"]
[White "Pixton,A"]
[Black "Hoekstra,M"]
[Result "1-0"]
[WhiteElo "2432"]
[BlackElo "2238"]

1.d4 Nf6 2.c4 e6 3.Nc3 Bb4 4.Qc2 O-O 5.a3 Bxc3+ 6.Qxc3 b6 7.Bg5 c5 8.dxc5 bxc5
9.Nf3 Nc6 10.e3 h6 11.Bh4 g5 12.Bg3 Ne4 13.Qc2 f5 14.Nd2 Nxg3 15.hxg3 Qf6
16.Be2 Rb8 17.Rb1 d6 18.O-O g4 19.Rfd1 h5 20.Nf1 Rd8 21.Qa4 Rb6 22.b4 cxb4
23.axb4 Ra6 24.Qb3 Rb6 25.b5 Ne5 26.Qa3 h4 27.c5 Rb7 28.Rxd6 Rh7 29.Rxd8+ Qxd8
30.Rd1 Qf8 31.Qc3 Nf7 32.gxh4 Rxh4 33.Ng3 Qh6 34.Qa5 Kg7 35.Qxa7 Kg6 36.Qc7 Qh8
37.c6 Rh2 38.Bf1 Qb2 39.Kxh2 Qxf2 40.Qf4 Qb2 41.Qd4 Qf2 42.Qd2  1-0

[Event "KB Czech Open"]
[Site "Pardubice CZE"]
[Date "2002.07.19"]
[Round "1"]
[White "Kniest,O"]
[Black "Hracek,Z"]
[Result "0-1"]
[WhiteElo "2304"]
[BlackElo "2600"]

1.d4 Nf6 2.c4 e6 3.Nc3 Bb4 4.Qc2 O-O 5.a3 Bxc3+ 6.Qxc3 b6 7.Bg5 Bb7 8.f3 h6
9.Bh4 d5 10.e3 Re8 11.Bd3 Nbd7 12.Ne2 c5 13.cxd5 cxd4 14.Nxd4 Nxd5 15.Bxd8 Nxc3
16.Bxb6 Ne5 17.Kd2 Na4 18.Bc7 Nxd3 19.Kxd3 Ba6+ 20.Kd2 Nxb2 21.Nc2 Rac8 22.Nb4 Rxc7
23.Nxa6 Rd8+ 24.Ke1 Rc2  0-1

[Event "TCh-POL Jun"]
[Site "Laczna POL"]
[Date "2002.07.20"]
[Round "7"]
[White "Worek,J"]
[Black "Staszewska,A"]
[Result "1-0"]
[WhiteElo "2251"]
[BlackElo "2058"]

1.d4 Nf6 2.c4 e6 3.Nc3 Bb4 4.Qc2 O-O 5.a3 Bxc3+ 6.Qxc3 b5 7.cxb5 c6 8.Bg5 cxb5
9.Nf3 Bb7 10.e3 h6 11.Bh4 a6 12.Bd3 d6 13.O-O Nbd7 14.Nd2 e5 15.Bf5 Re8 16.Nb3 g5
17.Bg3 Ne4 18.Qd3 Ndf6 19.Rad1 Qb6 20.Nd2 exd4 21.Nxe4 Bxe4 22.Bxe4 Rxe4
23.exd4 Rae8 24.f3 Re2 25.Rd2 Rxd2 26.Qxd2 Nh5 27.Bf2 d5 28.g3 Qf6 29.Kg2 Ng7
30.Qd3 Nf5 31.Rc1 Kg7 32.Rc5 Qe6 33.Qb3 Qe2 34.Rc3 Qd2 35.Rd3 Qe2 36.Kg1 Nd6
37.Rc3 Nc4 38.Rc1 Nd2 39.Qxd5 Nxf3+ 40.Kg2 g4 41.Qf5 Qe4 42.Qxe4 Rxe4 43.d5 Re2
44.Rd1 Rd2 45.Rxd2 Nxd2 46.Be3 Ne4 47.Kf1 h5 48.Bd4+ Kg6 49.Ke2 Kf5 50.Ke3 Ng5
51.Bc3 Nf3 52.h4 Ne5 53.b3 Nd7 54.Kd4 Nf6 55.Bd2 Ne4 56.Bf4 f6 57.d6 Nxd6
58.Bxd6  1-0

[Event "US Junior"]
[Site "Dallas USA"]
[Date "2002.07.22"]
[Round "8"]
[White "Zaremba,An"]
[Black "Hoekstra,M"]
[Result "1-0"]
[WhiteElo "2321"]
[BlackElo "2238"]

1.d4 Nf6 2.c4 e6 3.Nc3 Bb4 4.Qc2 O-O 5.Nf3 b6 6.e4 Bb7 7.Bd3 d5 8.cxd5 exd5
9.e5 Ne4 10.O-O f5 11.exf6 Nxf6 12.Ng5 Nc6 13.Bxh7+ Kh8 14.Qd3 Qd7 15.Bf5 Qe8
16.Nxd5 Ba6 17.Qxa6 Nxd5 18.Qd3 Nf6 19.g4 g6 20.Bxg6 Qd7 21.Bf5 Qe7 22.Qh3+ Kg8
23.Ne6 Kf7 24.Nxf8 Rxf8 25.Be3  1-0

[Event "Lasker Mem Open"]
[Site "Barlinek POL"]
[Date "2002.07.25"]
[Round "7"]
[White "Socko,M"]
[Black "Andreev,Ed"]
[Result "0-1"]
[WhiteElo "2347"]
[BlackElo "2463"]

1.d4 Nf6 2.c4 e6 3.Nc3 Bb4 4.Qc2 O-O 5.a3 Bxc3+ 6.Qxc3 b6 7.Bg5 d6 8.Nf3 Nbd7
9.e3 h6 10.Bh4 Ba6 11.Be2 c5 12.O-O Rc8 13.dxc5 Nxc5 14.Rac1 Nce4 15.Qd4 Qc7
16.b3 b5 17.Bxf6 Nxf6 18.Rcd1 bxc4 19.Qxd6 Qa5 20.Bxc4 Bxc4 21.bxc4 Rxc4
22.Ne5 Rc3 23.a4 Rfc8 24.Rb1 R8c7 25.Qd4 Nd5 26.Rb5 Qa6 27.Ng4 R3c4 28.Qd1 Nc3
29.Qf3 Nxb5  0-1

[Event "ch-IRI"]
[Site "Tehran IRI"]
[Date "2002.07.31"]
[Round "6"]
[White "Nasri,A"]
[Black "Mahmoud,P"]
[Result "1/2-1/2"]
[WhiteElo "2254"]
[BlackElo "2266"]

1.d4 Nf6 2.c4 e6 3.Nc3 Bb4 4.Qc2 O-O 5.e4 d6 6.a3 Bxc3+ 7.bxc3 e5 8.Bd3 Nc6
9.Ne2 Re8 10.O-O Qe7 11.f3 h6 12.Be3 Na5 13.Ng3 c5 14.d5 b6 15.Qe2 Bd7 16.Nh1 Nh7
17.g4 Nf8 18.Rab1 g5 19.Ng3 Ng6 20.Nf5 Bxf5 21.gxf5 Nf4 22.Bxf4 gxf4 23.Kh1 Kh7
24.Rg1 Rg8 25.Rxg8 Rxg8 26.Qf2 Qg5 27.Be2 Qh5 28.Rb2 Rg3 29.Rb1 Kg7 30.a4 Kf6
31.Rb2 Qh4 32.Bf1 Kg7 33.Rb1 Rg4 34.Qd2 Rg5 35.Bd3 Kf6 36.Qe2 Rh5 37.Rf1 Ke7
38.Rb1 Kd7 39.Rg1 Rg5 40.Rb1 Rg8 41.Rf1 Rg3 42.Qd1 Kc7 43.Qe2 Qh3 44.Rf2 Nb3
45.Qd1 Na5 46.Qe2  1/2-1/2

[Event "7th Open"]
[Site "Creon FRA"]
[Date "2002.08.01"]
[Round "6"]
[White "Gladyszev,O"]
[Black "Epishin,V"]
[Result "1/2-1/2"]
[WhiteElo "2388"]
[BlackElo "2643"]

1.d4 Nf6 2.c4 e6 3.Nc3 Bb4 4.Qc2 O-O 5.a3 Bxc3+ 6.Qxc3 b6 7.Bg5 Bb7 8.f3 d6
9.e4 c5 10.d5 Nbd7 11.Nh3 h6 12.Bf4 exd5 13.cxd5 Qe7 14.O-O-O Rfc8 15.g4 c4
16.g5 hxg5 17.Bxg5 a5 18.Nf2 b5 19.Ng4 b4 20.Qe1 c3 21.Rg1 cxb2+ 22.Kxb2 Rc3
23.Bd3 Rxd3 24.Rxd3 Ne5 25.Bxf6 Nxd3+ 26.Ka1 Nxe1 27.Bxe7 Nc2+ 28.Kb2 Nxa3
29.Nh6+ Kh7 30.Nf5 Nc4+ 31.Kb3 g6 32.Rg3 gxf5 33.Rh3+  1/2-1/2

[Event "FSIMA August"]
[Site "Budapest HUN"]
[Date "2002.08.04"]
[Round "2"]
[White "Petran,Pa"]
[Black "Eperjesi,L"]
[Result "1/2-1/2"]
[WhiteElo "2364"]
[BlackElo "2289"]

1.d4 Nf6 2.c4 e6 3.Nc3 Bb4 4.Qc2 O-O 5.a3 Bxc3+ 6.Qxc3 d6 7.Bg5 Nbd7 8.e3 h6
9.Bh4 Qe8 10.Bd3 e5 11.Ne2 a5 12.O-O b6 13.e4 Nh5 14.f3 exd4 15.Qxd4 Qe5
16.Bf2 Bb7 17.Rfd1 Nf4 18.Nxf4 Qxf4 19.Bg3 Qg5 20.b4 axb4 21.axb4 Rxa1 22.Rxa1 Qd2
23.Be1 Qg5 24.Be2 Ne5 25.Bd2 Qg6 26.Qf2 f5 27.exf5 Qxf5 28.Bc3 Rf7 29.Bf1 g5
30.h3 h5 31.Bxe5 Qxe5 32.Re1 Qf6 33.Qe3 Kg7 34.Bd3 h4 35.Bc2 Bc8 36.Be4 c5
37.bxc5 dxc5  1/2-1/2

[Event "Valoz Cup"]
[Site "Olomouc CZE"]
[Date "2002.08.04"]
[Round "5"]
[White "Kadziolka,B"]
[Black "Hedman,E"]
[Result "1/2-1/2"]
[WhiteElo "2290"]
[BlackElo "2340"]

1.d4 Nf6 2.c4 e6 3.Nc3 Bb4 4.Qc2 O-O 5.a3 Bxc3+ 6.Qxc3 Ne4 7.Qc2 f5 8.Nh3 d6
9.f3 Nf6 10.e3 e5 11.Be2 Qe7 12.dxe5 dxe5 13.O-O c5 14.Bd2 Nc6 15.Rad1 f4
16.Nf2 Be6 17.Bd3 fxe3 18.Bxe3 Nd4 19.Bxd4 exd4 20.Rfe1 Qf7 21.Re5 b6 22.Ne4 h6
23.Re1 Bc8 24.Nxf6+ Qxf6 25.Bg6 Bd7 26.Qe4 Rad8 27.Qd3  1/2-1/2

[Event "FSGM August"]
[Site "Budapest HUN"]
[Date "2002.08.05"]
[Round "3"]
[White "Radziewicz,I"]
[Black "Balogh,C"]
[Result "0-1"]
[WhiteElo "2407"]
[BlackElo "2441"]

1.d4 Nf6 2.c4 e6 3.Nc3 Bb4 4.Qc2 O-O 5.a3 Bxc3+ 6.Qxc3 b6 7.Bg5 Bb7 8.e3 d6
9.f3 Nbd7 10.Nh3 Rc8 11.O-O-O Qe7 12.Bd3 c5 13.d5 h6 14.dxe6 Qxe6 15.Bf4 Ne5
16.Bg3 Nh5 17.Qc2 Rcd8 18.Bh4 g5 19.Bg3 Nxd3+ 20.Rxd3 Ba6 21.Rd5 Nf6 22.e4 Nxd5
23.cxd5 Qf6 24.Nf2 Bc8 25.h4 Qg7 26.Bh2 f5 27.hxg5 Qxg5+ 28.Qd2 Qxd2+ 29.Kxd2 Rf6
30.Ke3 Rg6 31.Bf4 Rxg2 32.Rxh6 Kg7 33.Rxd6 Rxd6 34.Bxd6 Kf7 35.Bb8 a6 36.Nd3 fxe4
37.fxe4 Ke8 38.b3 Ra2 39.a4 Ra3 40.Ne5 Rxb3+ 41.Kf4 b5 42.axb5 axb5 43.Bd6 c4
44.Nc6 Bd7 45.Nb4 Rh3 46.Ke5 Bg4 47.Kd4 Bd1 48.Kc5 Ba4 49.e5 c3 50.e6 c2
51.Bf4 Rc3+ 52.Kd6 Rc4 53.Na6 b4 54.Bc1 b3 55.Nc7+ Kd8 56.Na8 Re4 57.Bg5+ Kc8
58.Nb6+ Kb7 59.Nxa4 Rxa4 60.e7 Ra6+ 61.Kd7 b2 62.e8=Q c1=Q 63.Bf4 Qxf4 64.Qc8+ Ka7
65.Qc5+ Rb6 66.Qa5+ Kb7 67.Qc3 Qf7+ 68.Kd8 Rd6+  0-1

[Event "It"]
[Site "Stockholm SWE"]
[Date "2002.08.11"]
[Round "9"]
[White "Yakovich,Y"]
[Black "Rytshagov,M"]
[Result "1-0"]
[WhiteElo "2586"]
[BlackElo "2503"]

1.d4 Nf6 2.c4 e6 3.Nc3 Bb4 4.Qc2 O-O 5.a3 Bxc3+ 6.Qxc3 b6 7.Bg5 Bb7 8.f3 d5
9.e3 Nbd7 10.cxd5 Nxd5 11.Bxd8 Nxc3 12.Bh4 Nd5 13.Bf2 c5 14.e4 Ne7 15.Ne2 Rac8
16.Nc3 cxd4 17.Bxd4 Nc5 18.Rd1 Nc6 19.Be3 Ne5 20.Be2 Bc6 21.O-O Na4 22.Nxa4 Bxa4
23.Rc1 Rfd8 24.Rxc8 Rxc8 25.Rc1 Rxc1+ 26.Bxc1 Bc2 27.Bd2 Nd3 28.Bc3 f6 29.g3 e5
30.Bf1 Kf7 31.Bh3 Bd1 32.Kg2 g6 33.Bc8 Nc5 34.b4 Ne6 35.h4 g5 36.Kf2 gxh4
37.gxh4 Nf4 38.Bd2 Ne6 39.Be3 Ba4 40.Kg3  1-0

[Event "11th Open"]
[Site "Kavala GRE"]
[Date "2002.08.12"]
[Round "4"]
[White "Marcetic,N"]
[Black "Nikolaidis,I"]
[Result "1/2-1/2"]
[WhiteElo "2365"]
[BlackElo "2502"]

1.d4 Nf6 2.c4 e6 3.Nc3 Bb4 4.Qc2 O-O 5.a3 Bxc3+ 6.Qxc3 b6 7.Bg5 d6 8.Qf3 c6
9.e3 h6 10.Bxf6 Qxf6 11.Qxf6 gxf6 12.Ne2 Rd8 13.O-O-O Kf8 14.Nc3 Ke7 15.Be2 Ba6
16.Rd2 Nd7 17.c5 Bxe2 18.cxd6+ Kxd6 19.Rxe2 c5 20.Rd1 Ke7 21.Red2 a6 22.dxc5 Nxc5
23.Kc2 Rxd2+  1/2-1/2